000 00358nam a22001697a 4500
003 UA-OsUOA
001 1538
007 ta
008 20050721b un ||||| |||| 00| 0 ukr d
100 _aWalbruck
700 _aHarry
942 _cBK
040 _aUA-OsUOA
_cUA-OsUOA
_dUA-OsUOA
245 _aSpannende Geschichten...
_bGerman
955 _a2
650 7 _2UDC
999 _c287700
_d287700